000 00725nam a2200277Ia 4500
005 20260324114728.0
008 008 260324s9999 xx 000 0 eng d
020 _a9780367808235
037 _aEBOOK
040 _aCRL
040 _beng
040 _cCRL
041 _2eng
041 _aeng
084 _qCRL
100 _aWasim Ahmed Khan; Ghulam Abbas; Khalid Rahman; Ghulam Hussain
_91151925
245 0 _aFunctional Reverse Engineering of Strategic and Non-Strategic Machine Tools
260 _bTaylor and Francis
260 _c2021
365 _a
365 _b305
856 _uhttp://www.taylorfrancis.com/books/9780367808235
942 _cEBOOK
999 _c1742270
_d1742270